| 000 | 01305cam a2200253 4500 | ||
|---|---|---|---|
| 001 | ##L131294 | ||
| 008 | 051018n2005 000 0 eng u | ||
| 035 | _a(Sirsi) u131294 | ||
| 041 | 0 | _aeng | |
| 050 | 0 | 4 | _a333.72 $2 18 |
| 110 | 1 |
_aUnited Kingdom _bParliament _bHouse of Lords _bSelect Committee on Science and Technology _94777 |
|
| 245 | 0 | 0 | _aEnergy efficiency |
| 260 |
_aLondon _bStationery Office _c2005 |
||
| 350 | _a17.50 | ||
| 490 | _aHouse of Lords Science and Technology Committee | ||
| 490 | _aHouse of Lords Paper | ||
| 520 | _aArgues that reduction of the United Kingdom's absolute energy consumption should be the ultimate objective of energy efficiency. Suggests that the electricity generation and construction industries should be targeted by the UK government to improve their efficiency and calls for improved government clarity and leadership to enable the UK to become a nation of mature, well-informed energy users. | ||
| 590 | _aIKA251005 | ||
| 650 | 2 | 4 | _aDIRECTIVE 2002/91/EC |
| 651 | 4 |
_aUnited Kingdom _y |
|
| 690 | _aENVIRONMENTAL AND LAND CONSULTANCY-ENERGY-ENERGY USE-ENERGY EFFICIENCY | ||
| 856 | 4 | 0 |
_uhttps://www.publications.parliament.uk/pa/ld200506/ldselect/ldsctech/21/2102.htm _zView the report free of charge at www.parliament.uk/hlscience... |
| 942 | _n0 | ||
| 999 |
_c104705 _d104705 |
||